[Event "2. liga D 17/18, Pivovar Dalesice-Vysoke Myto"]
[Site ""]
[Date "2017.12.17"]
[Round "5.2"]
[White "Sabol, Marian"]
[Black "Ruzicka, Josef"]
[WhiteElo "2338"]
[BlackElo "2095"]
[Result "0-1"]
[PlyCount "88"]

1. d4 Nf6 2. Nf3 g6 3. g3 Bg7 4. Bg2 O-O 5. O-O d6 6. b4
c5 7. bxc5 dxc5 8. c3 Nc6 9. Ba3 cxd4 10. cxd4 Ne4 11. e3 Qa5 12. Nfd2 Nd6 13.
Bxd6 exd6 14. Nc4 Qa6 15. Nbd2 Rd8 16. Qb3 d5 17. Nb2 Be6 18. Qd3 Qxd3 19. Nxd3
Rac8 20. Rfc1 g5 21. Rc3 Nxd4 22. Rxc8 Ne2+ 23. Kf1 Rxc8 24. Rb1 Nc3 25. Rxb7
a5 26. f4 h6 27. Nf3 d4 28. exd4 Bc4 29. Nfe1 gxf4 30. gxf4 Re8 31. Rc7 Nd1 32.
Bc6 Re3 33. Rc8+ Bf8 34. Ba4 Bxd3+ 35. Nxd3 Rxd3 36. Ke2 Rc3 37. Ra8 Nb2 38.
Bb3 a4 39. Bxa4 Nxa4 40. Rxa4 Bd6 41. d5 Rh3 42. Ra6 Bxf4 43. d6 Re3+ 44. Kf2
Rd3 0-1

[Event "2. liga D 17/18, Pivovar Dalesice-Vysoke Myto"]
[Site ""]
[Date "2017.12.17"]
[Round "5.3"]
[White "Vesely, Vitek"]
[Black "Grundman, Vaclav"]
[WhiteElo "2086"]
[BlackElo "1967"]
[Result "1/2-1/2"]
[PlyCount "62"]

1. d4 Nf6 2. c4 c5 3. d5 e6 4. Nc3 exd5 5. cxd5 d6 6. Nf3
g6 7. Bg5 Bg7 8. e3 O-O 9. Be2 Bg4 10. Nd2 Bxe2 11. Qxe2 Qd7 12. Bh4 Na6 13. e4
Rab8 14. a4 Nb4 15. O-O Rfe8 16. Qc4 Ng4 17. Nf3 Nc2 18. Rad1 Nd4 19. Qd3 a6
20. Bg3 Nxf3+ 21. Qxf3 b5 22. axb5 axb5 23. b3 Ne5 24. Bxe5 Bxe5 25. Rfe1 Ra8
26. Qd3 Reb8 27. Rb1 Ra3 28. Qc2 Rba8 29. Ne2 Ra2 30. Qd3 R8a3 31. Rec1 c4
1/2-1/2

[Event "2. liga D 17/18, Pivovar Dalesice-Vysoke Myto"]
[Site ""]
[Date "2017.12.17"]
[Round "5.4"]
[White "Trhal, Tomas"]
[Black "Tesar, Jan"]
[WhiteElo "2070"]
[BlackElo "2032"]
[Result "1/2-1/2"]
[PlyCount "73"]

1. e4 c5 2. Nf3 a6 3. Nc3 b5 4. d4 Bb7 5. dxc5 e6 6. Bd3
Bxc5 7. e5 d5 8. O-O Ne7 9. Bf4 Nbc6 10. Ne2 Nb4 11. Ned4 Nxd3 12. Qxd3 Ng6 13.
Bg3 Be7 14. c3 O-O 15. a3 Qc7 16. h4 Rfc8 17. h5 Nf8 18. Nd2 Nd7 19. f4 Nc5 20.
Qe3 Ne4 21. Nxe4 dxe4 22. f5 exf5 23. e6 Qc4 24. exf7+ Qxf7 25. Rxf5 Qc4 26.
Rd1 Rf8 27. Be5 Rxf5 28. Nxf5 Bc5 29. Bd4 Bxd4 30. Rxd4 Qe6 31. Qg5 Qf6 32.
Qxf6 gxf6 33. Rd7 Rb8 34. Nh6+ Kh8 35. Nf7+ Kg8 36. Nh6+ Kh8 37. Nf7+ 1/2-1/2

[Event "2. liga D 17/18, Pivovar Dalesice-Vysoke Myto"]
[Site ""]
[Date "2017.12.17"]
[Round "5.5"]
[White "Lampir, Tomas"]
[Black "Kosek, Jiri"]
[WhiteElo "2072"]
[BlackElo "2105"]
[Result "0-1"]
[PlyCount "64"]

1. e4 c5 2. Nf3 d6 3. d4 cxd4 4. Nxd4 Nf6 5. Nc3 a6 6. Be3
e6 7. Qd2 Be7 8. Be2 Qc7 9. f4 O-O 10. g4 b5 11. a3 Bb7 12. Bf3 Nc6 13. Nb3 Nd7
14. g5 Nc5 15. h4 Rad8 16. Qf2 b4 17. Ne2 bxa3 18. bxa3 Na5 19. Nxc5 dxc5 20.
Bd2 Nc6 21. Ng3 Nd4 22. Bd1 Rd7 23. Rg1 Rfd8 24. Bc3 Nb5 25. Qe3 Nxc3 26. Qxc3
Rd4 27. Bf3 Qxf4 28. Rb1 Bc6 29. Rb6 Bb5 30. Rb7 Rc4 31. Qa5 Qxf3 32. Ne2 Rxc2
0-1

[Event "2. liga D 17/18, Pivovar Dalesice-Vysoke Myto"]
[Site ""]
[Date "2017.12.17"]
[Round "5.6"]
[White "Dosedel, Jiri"]
[Black "Svizensky, Lubos"]
[WhiteElo "2082"]
[BlackElo "1946"]
[Result "1/2-1/2"]
[PlyCount "71"]

1. Nf3 d5 2. g3 c5 3. Bg2 Nc6 4. O-O e5 5. d3 Nf6 6. Nbd2
Be7 7. e4 dxe4 8. dxe4 Qc7 9. c3 O-O 10. Qc2 Rd8 11. Nh4 Ne8 12. Nf5 Bf8 13.
Nc4 Be6 14. Nce3 Qc8 15. Nd5 Nc7 16. Nfe3 f6 17. Bd2 Ne7 18. c4 Nc6 19. Bc3 Nd4
20. Qd1 Qd7 21. f4 Bd6 22. f5 Bf7 23. g4 Nxd5 24. exd5 Be7 25. Be4 g5 26. h4 h6
27. hxg5 hxg5 28. Kg2 Kg7 29. Rh1 Bd6 30. Qd2 Rh8 31. b3 b6 32. Rxh8 Rxh8 33.
Rh1 Qd8 34. Rxh8 Qxh8 35. Qd1 a5 36. a4 1/2-1/2

[Event "2. liga D 17/18, Pivovar Dalesice-Vysoke Myto"]
[Site ""]
[Date "2017.12.17"]
[Round "5.7"]
[White "Cieslak, Leszek"]
[Black "Ptacek, Lubos"]
[WhiteElo "1922"]
[BlackElo "2087"]
[Result "0-1"]
[PlyCount "34"]

1. Nf3 d5 2. c4 Nf6 3. g3 c6 4. b3 Nbd7 5. Bb2 e6 6. Bg2
Bd6 7. O-O O-O 8. d4 b6 9. Nbd2 Bb7 10. Re1 Ne4 11. Nxe4 dxe4 12. Nd2 f5 13. f3
e3 14. Nf1 f4 15. gxf4 Bxf4 16. Qd3 Qh4 17. Bc1 Qxe1 0-1

[Event "2. liga D 17/18, Pivovar Dalesice-Vysoke Myto"]
[Site ""]
[Date "2017.12.17"]
[Round "5.8"]
[White "Danek, Pavel"]
[Black "Kosut, Tomas"]
[WhiteElo "1927"]
[BlackElo "1811"]
[Result "1/2-1/2"]
[PlyCount "74"]

1. d4 Nf6 2. Nf3 b6 3. Bg5 Bb7 4. Nbd2 e6 5. e3 Be7 6. Bd3
O-O 7. c3 c5 8. Qc2 h6 9. Bh4 d5 10. Ne5 Nbd7 11. Nxd7 Qxd7 12. Bxf6 Bxf6 13.
f4 Rfc8 14. Nf3 Qe7 15. O-O a5 16. Qe2 Rf8 17. Ne5 Bxe5 18. fxe5 f5 19. exf6
Rxf6 20. Rxf6 Qxf6 21. Rf1 Qe7 22. Qf3 Ba6 23. Bxa6 Rxa6 24. e4 cxd4 25. exd5
dxc3 26. Qxc3 Qc5+ 27. Qxc5 bxc5 28. Rc1 exd5 29. Rxc5 d4 30. Rd5 Rb6 31. b3 a4
32. bxa4 Rb4 33. a5 Ra4 34. Kf2 Rxa2+ 35. Kf3 d3 36. h4 Kf7 37. g4 Ke6 1/2-1/2

[Event "2. liga D 17/18, Polabiny C-Namest nad Oslavou"]
[Site ""]
[Date "2017.12.17"]
[Round "5.1"]
[White "Hrabusa, Matej"]
[Black "Kratochvil, Vit"]
[WhiteElo "2376"]
[BlackElo "2224"]
[Result "1-0"]
[PlyCount "89"]

1. Nf3 c5 2. e4 Nc6 3. Bb5 g6 4. Bxc6 dxc6 5. h3 Bg7 6. d3 Nf6 7. O-O O-O 8.
Nc3 Qc7 9. Be3 b6 10. a4 a5 11. Rb1 e5 12. Nd2 Be6 13. f4 Bh6 14. Qf3 exf4 15.
Bxf4 Bxf4 16. Qxf4 Qxf4 17. Rxf4 Nd7 18. Re1 Ne5 19. b3 Rfd8 20. Re3 Rab8 21.
Nc4 Bxc4 22. bxc4 Re8 23. Rf1 Nd7 24. Ref3 Re7 25. g4 h6 26. Kh2 Kg7 27. Kg3
Rb7 28. h4 Nf8 29. Rb1 Nd7 30. Rf2 Rb8 31. h5 gxh5 32. gxh5 Re5 33. Kh4 Rg5 34.
Rbf1 f6 35. Nd1 Kf7 36. Ne3 Rbg8 37. Nf5 Ke6 38. Nxh6 R8g7 39. Rf4 Rg2 40. R1f2
Rg1 41. Ng4 Ne5 42. Nh2 Rh7 43. Rxf6+ Ke7 44. R6f5 Ke6 45. Rxe5+ 1-0

[Event "2. liga D 17/18, Polabiny C-Namest nad Oslavou"]
[Site ""]
[Date "2017.12.17"]
[Round "5.2"]
[White "Mejzlik, Vojtech"]
[Black "Jedlicka, Ales"]
[WhiteElo "2179"]
[BlackElo "2220"]
[Result "1/2-1/2"]
[PlyCount "69"]

1. d4 Nf6 2. Nf3 g6 3. Bf4 Bg7 4. e3 O-O 5. Bd3 d6 6. c3 Nbd7 7. Qe2 Qe8 8. e4
e5 9. dxe5 dxe5 10. Bg5 Nc5 11. Nbd2 b6 12. Bc4 Bb7 13. Bxf6 Bxf6 14. O-O Qe7
15. Rfd1 Rad8 16. a4 a5 17. b4 Ne6 18. Bxe6 Qxe6 19. bxa5 bxa5 20. Qb5 Ba6 21.
Qxa5 Rd3 22. Nf1 Rxd1 23. Rxd1 Be2 24. Re1 Bxf3 25. gxf3 Qh3 26. Qxc7 Rc8 27.
Qd6 Qxf3 28. Re3 Qg4+ 29. Rg3 Qf4 30. Ne3 Rd8 31. Qc6 Bh4 32. Nd5 Qc1+ 33. Kg2
Bxg3 34. hxg3 Qc2 35. Nf6+ 1/2-1/2

[Event "2. liga D 17/18, Polabiny C-Namest nad Oslavou"]
[Site ""]
[Date "2017.12.17"]
[Round "5.4"]
[White "Skaroupka, Jiri"]
[Black "Bulockin, Martin"]
[WhiteElo "2171"]
[BlackElo "2105"]
[Result "0-1"]
[PlyCount "60"]

1. c4 e5 2. Nc3 Nc6 3. Nf3 f5 4. d4 e4 5. Ng1 Nf6 6. e3 Be7 7. Nh3 O-O 8. Be2
d6 9. O-O Qe8 10. Rb1 a5 11. a3 a4 12. Bd2 Bd7 13. Qc2 Na5 14. f3 exf3 15. gxf3
Nb3 16. Nf4 Nh5 17. Nxh5 Qxh5 18. Nd5 Bh4 19. Bc3 f4 20. Nxf4 Rxf4 21. exf4 Bf5
22. Qd1 Re8 23. c5 Bxb1 24. Bc4+ d5 25. Bxb3 axb3 26. Qxb1 Re2 27. Qd3 Rc2 28.
Rd1 Bf2+ 29. Kg2 Be3+ 30. Bd2 Qg6+ 0-1

[Event "2. liga D 17/18, Polabiny C-Namest nad Oslavou"]
[Site ""]
[Date "2017.12.17"]
[Round "5.5"]
[White "Bujnoch, Radek"]
[Black "Miculka, David"]
[WhiteElo "2223"]
[BlackElo "2083"]
[Result "1/2-1/2"]
[PlyCount "121"]

1. e4 c5 2. c3 d5 3. exd5 Qxd5 4. d4 Nc6 5. Nf3 e6 6. Na3 Nf6 7. Nb5 Qd8 8. Bf4
Nd5 9. Bg5 f6 10. c4 Nc7 11. Nxc7+ Qxc7 12. Be3 cxd4 13. Nxd4 Bb4+ 14. Ke2 O-O
15. Qb3 Nxd4+ 16. Bxd4 Bc5 17. Bxc5 Qxc5 18. Qb5 Qd4 19. Rd1 Qe4+ 20. Kd2 a6
21. Qb6 e5 22. Kc3 Qf4 23. Qe3 Qxe3+ 24. fxe3 Bg4 25. Rd2 Rfd8 26. Bd3 Rd7 27.
h3 Be6 28. Rhd1 Rad8 29. c5 Kf7 30. b4 f5 31. a4 Kf6 32. g3 g5 33. Be2 Rxd2 34.
Rxd2 Rxd2 35. Kxd2 Bd5 36. b5 axb5 37. axb5 f4 38. gxf4 exf4 39. Bg4 Ke5 40.
Bc8 f3 41. Ke1 h5 42. Kf2 Be4 43. Bd7 Bd5 44. Be8 h4 45. Bh5 Bc4 46. Bxf3 Bxb5
47. Bxb7 Ba4 48. Ke2 Bb3 49. Bg2 Be6 50. c6 g4 51. hxg4 Bxg4+ 52. Kd3 Be6 53.
Bh1 Bc8 54. Kc4 Kd6 55. Kb5 Kc7 56. Kc5 h3 57. e4 Be6 58. e5 h2 59. Kd4 Bf7 60.
Ke3 Be8 61. Kf2 1/2-1/2

[Event "2. liga D 17/18, Polabiny C-Namest nad Oslavou"]
[Site ""]
[Date "2017.12.17"]
[Round "5.6"]
[White "Dittrich, Pavel"]
[Black "Mojzis, Jaroslav"]
[WhiteElo "2236"]
[BlackElo "2096"]
[Result "1/2-1/2"]
[PlyCount "93"]

1. d4 Nf6 2. Bg5 Ne4 3. Bf4 c5 4. e3 Qb6 5. Nc3 Nxc3 6. bxc3 e6 7. Bd3 Bd6 8.
Rb1 Qc7 9. Bxd6 Qxd6 10. Nf3 b6 11. O-O Nc6 12. Ng5 cxd4 13. cxd4 Bb7 14. f4
Nb4 15. Qh5 g6 16. Qh6 Nxd3 17. cxd3 Qf8 18. Qh4 h6 19. Ne4 Bxe4 20. dxe4 Qe7
21. Qh3 Rc8 22. Rbc1 O-O 23. f5 exf5 24. exf5 Rxc1 25. Rxc1 Re8 26. Qxh6 Qxe3+
27. Qxe3 Rxe3 28. fxg6 fxg6 29. Rc7 Ra3 30. Rxd7 Rxa2 31. d5 Kf8 32. Rb7 Ke8
33. d6 Ra5 34. h4 b5 35. Kf2 a6 36. g4 Ra4 37. h5 gxh5 38. gxh5 Rh4 39. Ra7
Rxh5 40. Rxa6 Kd7 41. Ke3 Rc5 42. Rb6 Rh5 43. Kd4 Rg5 44. Kc3 Rd5 45. Kb4 Rxd6
46. Rxd6+ Kxd6 47. Kxb5 1/2-1/2

[Event "2. liga D 17/18, Polabiny C-Namest nad Oslavou"]
[Site ""]
[Date "2017.12.17"]
[Round "5.7"]
[White "Ludvik, Tomas"]
[Black "Cizek, Antonin"]
[WhiteElo "2142"]
[BlackElo "2213"]
[Result "1-0"]
[PlyCount "71"]

1. d4 Nf6 2. c4 g6 3. Nc3 d5 4. cxd5 Nxd5 5. e4 Nxc3 6. bxc3 c5 7. Nf3 Bg7 8.
Rb1 O-O 9. Be2 b6 10. O-O Bb7 11. Qd3 Ba6 12. Qe3 Bxe2 13. Qxe2 cxd4 14. cxd4
Qd6 15. Rd1 Rc8 16. Bg5 Kf8 17. h4 Nc6 18. e5 Qc7 19. h5 Kg8 20. h6 Bf8 21. d5
Nd8 22. d6 Qb7 23. Nd4 exd6 24. exd6 Bxd6 25. Nf5 Bf8 26. Nd6 Bxd6 27. Rxd6 Ne6
28. Bf6 Rc6 29. Qf3 Rc7 30. Qe3 Re8 31. Ba1 Qc8 32. Rbd1 Rc5 33. Qe2 Nd4 34.
Qxe8+ Qxe8 35. Bxd4 Rf5 36. Bg7 1-0

[Event "2. liga D 17/18, Polabiny C-Namest nad Oslavou"]
[Site ""]
[Date "2017.12.17"]
[Round "5.8"]
[White "Miculka, Petr"]
[Black "Reznicek, Dominik"]
[WhiteElo "2025"]
[BlackElo "2031"]
[Result "0-1"]
[PlyCount "36"]

1. e4 c6 2. d4 d5 3. Nd2 Nf6 4. e5 Nfd7 5. f4 e6 6. Ngf3 c5 7. c3 Nc6 8. Be2
Qb6 9. Nf1 cxd4 10. cxd4 Bb4+ 11. Kf2 O-O 12. Be3 f6 13. Bd3 Be7 14. Qc2 h6 15.
Bh7+ Kh8 16. Nh4 f5 17. Nxf5 exf5 18. Bg6 Nb4 0-1

[Event "2. liga D 17/18, Stefanydes Policka-Zdar nad Sazavou"]
[Site ""]
[Date "2017.12.17"]
[Round "5.1"]
[White "Cerveny, Petr"]
[Black "Vecera, Pavel"]
[WhiteElo "2312"]
[BlackElo "2152"]
[Result "1-0"]
[PlyCount "41"]

1. e4 e5 2. Nf3 Nc6 3. Bb5 Bc5 4. O-O Nf6 5. Qe2 O-O 6. c3 Bb6 7. d3 d6 8. Nbd2
Qe7 9. Nc4 Nd8 10. Ba4 Bg4 11. h3 Bd7 12. Nxb6 axb6 13. Bc2 Ne6 14. d4 Nh5 15.
g3 Qf6 16. Kg2 Qg6 17. Kh2 f6 18. Rd1 Ng5 19. Nxg5 fxg5 20. dxe5 Qe6 21. Bb3
1-0

[Event "2. liga D 17/18, Stefanydes Policka-Zdar nad Sazavou"]
[Site ""]
[Date "2017.12.17"]
[Round "5.2"]
[White "Bukacek, Lubomir"]
[Black "Komarek, David"]
[WhiteElo "2112"]
[BlackElo "2155"]
[Result "1/2-1/2"]
[PlyCount "38"]

1. e4 e6 2. d4 d5 3. e5 c5 4. c3 Nc6 5. Nf3 cxd4 6. cxd4 Nge7 7. Na3 Nf5 8. Nc2
Bd7 9. Bd3 Nh4 10. O-O Nxf3+ 11. Qxf3 f5 12. exf6 Qxf6 13. Qh5+ g6 14. Bg5 Qf7
15. Qh4 Bg7 16. Rae1 O-O 17. Bh6 Bf6 18. Bg5 Bg7 19. Bh6 Bf6 1/2-1/2

[Event "2. liga D 17/18, Stefanydes Policka-Zdar nad Sazavou"]
[Site ""]
[Date "2017.12.17"]
[Round "5.3"]
[White "Svanda, Ondrej"]
[Black "Fisar, Josef"]
[WhiteElo "2053"]
[BlackElo "2062"]
[Result "0-1"]
[PlyCount "118"]

1. e4 c5 2. Nc3 g6 3. f4 Bg7 4. Nf3 Nc6 5. Bb5 Nd4 6. O-O Nxb5 7. Nxb5 d6 8. d3
Bd7 9. Nc3 Bc6 10. Be3 Nh6 11. h3 f5 12. e5 O-O 13. Ng5 Qc8 14. e6 b5 15. d4 b4
16. Ne2 Qb7 17. Rf2 c4 18. c3 a5 19. Kh2 Bf6 20. Ng1 Kg7 21. Qe2 Bd5 22. Re1 a4
23. Bc1 a3 24. bxa3 bxc3 25. Qe3 Qa7 26. N5f3 Rfb8 27. Qxc3 Qa5 28. Rc2 Rb1 29.
Qxa5 Rxa5 30. Nd2 Ra1 31. Nxc4 Ra6 32. Ne2 Bxe6 33. Bd2 Rxe1 34. Bxe1 Rc6 35.
Ne3 Rxc2 36. Nxc2 Bxa2 37. Bc3 Bc4 38. Nc1 Nf7 39. Ne3 d5 40. a4 Nd6 41. g4 Kf7
42. Kg2 Ne4 43. Bb2 e6 44. g5 Bd8 45. Nxc4 dxc4 46. Ne2 Ba5 47. Kf3 Ke8 48. Ng3
Nxg3 49. Kxg3 Bd2 50. Ba3 Kd7 51. Kf3 Kc6 52. Bc5 Kb7 53. Bd6 Kb6 54. Ke2 Bc3
55. Bc5+ Ka5 56. Kd1 Kxa4 57. Kc2 Bb4 58. Ba7 Bd6 59. Kc3 Kb5 0-1

[Event "2. liga D 17/18, Stefanydes Policka-Zdar nad Sazavou"]
[Site ""]
[Date "2017.12.17"]
[Round "5.4"]
[White "Siebenburger, Vlastimil"]
[Black "Kastner, Oldrich"]
[WhiteElo "2067"]
[BlackElo "2044"]
[Result "1/2-1/2"]
[PlyCount "36"]

1. e4 e6 2. d4 d5 3. Nc3 Nf6 4. Bg5 Bb4 5. e5 h6 6. Bd2 Bxc3 7. bxc3 Ne4 8. Qg4
g6 9. Bd3 Nxd2 10. Kxd2 c5 11. Nf3 Bd7 12. h4 Qe7 13. Rab1 Bc6 14. Rh3 Nd7 15.
h5 g5 16. Nh2 O-O-O 17. Qf3 Rdf8 18. Qe3 c4 1/2-1/2

[Event "2. liga D 17/18, Stefanydes Policka-Zdar nad Sazavou"]
[Site ""]
[Date "2017.12.17"]
[Round "5.5"]
[White "Lorenc, Oldrich"]
[Black "Vasut, Karel"]
[WhiteElo "2096"]
[BlackElo "2103"]
[Result "1/2-1/2"]
[PlyCount "29"]

1. Nf3 b5 2. e4 Bb7 3. Bxb5 Bxe4 4. Nc3 Bb7 5. d4 Nf6 6. O-O e6 7. Ne5 Be7 8.
Be2 d6 9. Nd3 O-O 10. Bf3 d5 11. Re1 Nbd7 12. Bf4 c5 13. dxc5 Nxc5 14. Nxc5
Bxc5 15. Na4 1/2-1/2

[Event "2. liga D 17/18, Stefanydes Policka-Zdar nad Sazavou"]
[Site ""]
[Date "2017.12.17"]
[Round "5.6"]
[White "Cely, Jaroslav"]
[Black "Houska, Bronislav"]
[WhiteElo "2004"]
[BlackElo "2010"]
[Result "1/2-1/2"]
[PlyCount "31"]

1. e4 d6 2. d4 Nf6 3. Nc3 g6 4. Nf3 Bg7 5. Bc4 O-O 6. Qe2 c6 7. e5 Nd5 8. Bd2
Bg4 9. Nxd5 cxd5 10. Bxd5 Nc6 11. Bxc6 bxc6 12. Bc3 Qc7 13. O-O Rab8 14. Rfe1
c5 15. Qc4 Bxf3 16. gxf3 1/2-1/2

[Event "2. liga D 17/18, Stefanydes Policka-Zdar nad Sazavou"]
[Site ""]
[Date "2017.12.17"]
[Round "5.7"]
[White "Komarkova, Magdalena"]
[Black "Svoboda, Ivo"]
[WhiteElo "1993"]
[BlackElo "1906"]
[Result "1/2-1/2"]
[PlyCount "39"]

1. e4 c5 2. Nf3 d6 3. d4 cxd4 4. Nxd4 Nf6 5. Nc3 a6 6. Be2 e5 7. Nb3 Be6 8. O-O
Nbd7 9. Be3 b5 10. a3 Be7 11. f3 O-O 12. Qe1 Rc8 13. Qf2 Qc7 14. Rfd1 Nc5 15.
Nd2 d5 16. Nxd5 Nxd5 17. exd5 Bxd5 18. Nf1 Be6 19. Rac1 Rfd8 20. Rxd8+ 1/2-1/2

[Event "2. liga D 17/18, Stefanydes Policka-Zdar nad Sazavou"]
[Site ""]
[Date "2017.12.17"]
[Round "5.8"]
[White "Pavlis, Jaromir"]
[Black "Sodomka, Adam"]
[WhiteElo "1926"]
[BlackElo "1907"]
[Result "1/2-1/2"]
[PlyCount "33"]

1. Nf3 f5 2. d4 Nf6 3. c4 e6 4. Nc3 Be7 5. Bg5 O-O 6. e3 Ne4 7. Bxe7 Qxe7 8.
Bd3 c6 9. Nxe4 fxe4 10. Bxe4 Qb4+ 11. Nd2 d5 12. Bd3 Qxb2 13. Qb1 Qxb1+ 14.
Rxb1 Nd7 15. f4 b6 16. Ke2 c5 17. g3 1/2-1/2

[Event "2. liga D 17/18, Snezka Nachod-Velke Losiny"]
[Site ""]
[Date "2017.12.17"]
[Round "5.1"]
[White "Cerny, David"]
[Black "Zilka, Stepan"]
[WhiteElo "2059"]
[BlackElo "2514"]
[Result "0-1"]
[PlyCount "190"]

1. e4 c5 2. Nf3 Nc6 3. d4 cxd4 4. Nxd4 Nf6 5. Nc3 d6 6. Bg5 e6 7. Qd2 a6 8.
O-O-O Bd7 9. f4 b5 10. Bxf6 gxf6 11. Nxc6 Bxc6 12. Kb1 Qb6 13. f5 b4 14. Ne2 e5
15. Ng3 h5 16. Bc4 h4 17. Nf1 Bxe4 18. Qe2 Bxf5 19. Ne3 Be6 20. Nd5 Bxd5 21.
Bxd5 Rc8 22. Rhf1 Be7 23. Qg4 Rc7 24. Rf5 a5 25. Qg7 Rf8 26. Rh5 Qf2 27. Rc1
Qc5 28. Bb3 Qc6 29. Rxh4 d5 30. a4 e4 31. Rh5 Rd7 32. Rf5 Qe6 33. Rff1 f5 34.
Qg3 Rh8 35. Qb8+ Rd8 36. Qb5+ Kf8 37. Rcd1 e3 38. Rfe1 f4 39. h3 Rg8 40. Rxd5
Rxd5 41. Qxd5 Qxd5 42. Bxd5 Bh4 43. Re2 Rg5 44. Bf3 Rc5 45. Ka2 Ke7 46. Kb3 f5
47. Bb7 Rc7 48. Bd5 Kd6 49. Bf3 Rc8 50. Bb7 Rb8 51. Bf3 Kc5 52. Bh5 Rb6 53. Bf3
Kd4 54. Ba8 Rb8 55. Bc6 Rg8 56. Bb7 Kc5 57. Bf3 Rd8 58. Bh5 Bf2 59. Bf3 Kd4 60.
Bh5 Rc8 61. Bf3 Rg8 62. Bc6 Rg3 63. Bf3 Rg8 64. Bc6 Rg3 65. Bf3 Kc5 66. Bb7 Rg7
67. Bf3 Bh4 68. Ba8 Rd7 69. Bf3 Rd8 70. Bh5 Bf6 71. Re1 Rd2 72. Bf3 Rf2 73. Re2
Rf1 74. Ka2 Rc1 75. Bb7 Kd6 76. Ba6 Bh4 77. Bb7 Be1 78. Kb3 Bd2 79. Bf3 Rb1 80.
Ka2 Rh1 81. Kb3 Kc5 82. Bb7 Kd4 83. Bf3 Ke5 84. Kc4 Rc1 85. Kd3 b3 86. cxb3 Rc8
87. Bb7 Rb8 88. Ba6 Rxb3+ 89. Kc2 Rb4 90. b3 Rb6 91. Bb5 f3 92. gxf3 Kf4 93.
Rg2 Kxf3 94. Rg5 f4 95. Rf5 e2 0-1

[Event "2. liga D 17/18, Snezka Nachod-Velke Losiny"]
[Site ""]
[Date "2017.12.17"]
[Round "5.2"]
[White "Holtman, Teodor"]
[Black "Mojzis, Jan"]
[WhiteElo "2252"]
[BlackElo "2180"]
[Result "1-0"]
[PlyCount "72"]

1. e4 e6 2. d4 d5 3. Nd2 Nf6 4. e5 Nfd7 5. Bd3 c5 6. c3 Nc6 7. Ne2 cxd4 8. cxd4
Qb6 9. Nf3 f6 10. exf6 Nxf6 11. O-O Bd6 12. b3 O-O 13. Bb2 Bd7 14. Nc3 Rac8 15.
Na4 Qa5 16. Ne5 Be8 17. Rc1 Qd8 18. Qe2 Bh5 19. f3 Qe7 20. Qe3 Bf7 21. Rfe1
Rfe8 22. Bb5 Nd7 23. Bxc6 bxc6 24. Nxc6 Qh4 25. Ne5 Nxe5 26. dxe5 Bb4 27. Red1
Qe7 28. Bd4 Ba3 29. Rc3 a6 30. Bc5 Bxc5 31. Nxc5 Qa7 32. Qd4 Rc7 33. Rdc1 Rec8
34. Kf2 h6 35. Ke3 a5 36. Nd3 Qb7 {cerny prekrocil cas} 1-0

[Event "2. liga D 17/18, Snezka Nachod-Velke Losiny"]
[Site ""]
[Date "2017.12.17"]
[Round "5.3"]
[White "Velecky, Viktor"]
[Black "Vaculik, Jakub"]
[WhiteElo "2054"]
[BlackElo "2230"]
[Result "0-1"]
[PlyCount "60"]

1. d4 Nf6 2. Nf3 c5 3. g3 e6 4. Bg2 Nc6 5. O-O d5 6. e3 Be7 7. Nbd2 b6 8. dxc5
bxc5 9. c4 O-O 10. cxd5 exd5 11. a3 Qb6 12. Qc2 Rd8 13. e4 Ba6 14. Re1 d4 15.
Nc4 Bxc4 16. Qxc4 Na5 17. Qa4 Rac8 18. b4 cxb4 19. axb4 Bxb4 20. Bd2 Nc6 21.
Reb1 a5 22. Bxb4 axb4 23. Nd2 d3 24. Nc4 Qd4 25. e5 Ng4 26. Qa2 d2 27. Ne3 Nxe3
28. fxe3 Qxe3+ 29. Kh1 Nxe5 30. Rf1 Rc1 0-1

[Event "2. liga D 17/18, Snezka Nachod-Velke Losiny"]
[Site ""]
[Date "2017.12.17"]
[Round "5.4"]
[White "Sohr, Vladimir"]
[Black "Semerak, Pavel"]
[WhiteElo "2100"]
[BlackElo "1982"]
[Result "0-1"]
[PlyCount "78"]

1. e4 Nf6 2. e5 Nd5 3. c4 Nb6 4. c5 Nd5 5. Nc3 e6 6. Nxd5 exd5 7. d4 b6 8. cxb6
axb6 9. Qb3 Nc6 10. Nf3 Bb4+ 11. Kd1 O-O 12. Bd3 Be7 13. Qxd5 Bb7 14. Qe4 g6
15. Qe2 Nb4 16. Bc4 d5 17. Bb3 c5 18. Bd2 c4 19. Bc2 Nxc2 20. Kxc2 Bc8 21. Qe3
Bf5+ 22. Kd1 Qd7 23. Ne1 b5 24. f3 b4 25. g4 Qa4+ 26. Ke2 Be6 27. h4 Rfc8 28.
Kf2 Ra7 29. Kg3 Rac7 30. b3 Qb5 31. Bc1 Ra7 32. Bb2 Rca8 33. Ng2 Rxa2 34. h5 g5
35. h6 c3 36. Bxc3 bxc3 37. Qxc3 Qe2 38. Rxa2 Rxa2 39. Rg1 Qf2+ 0-1

[Event "2. liga D 17/18, Snezka Nachod-Velke Losiny"]
[Site ""]
[Date "2017.12.17"]
[Round "5.5"]
[White "Cerha, Michal"]
[Black "Chytil, Petr"]
[WhiteElo "2035"]
[BlackElo "1906"]
[Result "0-1"]
[PlyCount "50"]

1. e4 e6 2. d4 d5 3. Nd2 Nf6 4. e5 Nfd7 5. Bd3 c5 6. c3 Nc6 7. Ngf3 Qb6 8. O-O
cxd4 9. cxd4 Nxd4 10. Nxd4 Qxd4 11. Nf3 Qb6 12. Qa4 Be7 13. Qg4 g6 14. Bh6 Rg8
15. Rac1 Qxb2 16. Rc2 Qb4 17. Qh3 Nc5 18. Bd2 Qa4 19. Qxh7 Rf8 20. Bxg6 fxg6
21. Qxg6+ Kd8 22. Bg5 b6 23. Qg7 Qe8 24. Nd4 Bd7 25. h4 Qf7 0-1

[Event "2. liga D 17/18, Snezka Nachod-Velke Losiny"]
[Site ""]
[Date "2017.12.17"]
[Round "5.6"]
[White "Gawlas, Roman"]
[Black "Zahalka, Jan"]
[WhiteElo "1906"]
[BlackElo "1911"]
[Result "1-0"]
[PlyCount "105"]

1. d4 d5 2. c4 c6 3. Nc3 Nf6 4. Nf3 Bf5 5. cxd5 Nxd5 6. e3 e6 7. Bd3 Bxd3 8.
Qxd3 Be7 9. O-O O-O 10. e4 Nb6 11. Bf4 N8d7 12. Rfd1 Nf6 13. h3 Rc8 14. Qe2 Re8
15. a3 a5 16. b3 h6 17. Ne5 Bf8 18. Nc4 Nxc4 19. bxc4 Qe7 20. c5 Red8 21. Na4
Ra8 22. Nb6 Ra6 23. Rab1 Nd7 24. Nc4 Nf6 25. Bd6 Qd7 26. Nb6 Qe8 27. Bc7 Rxb6
28. Rxb6 Rd7 29. Be5 Qd8 30. Bxf6 Qxf6 31. Qc4 Qf4 32. Qc2 g5 33. Rb3 Bg7 34.
Rf3 Qb8 35. d5 cxd5 36. exd5 exd5 37. Qb3 d4 38. c6 Re7 39. Rb1 b5 40. Rd3 b4
41. axb4 axb4 42. Qxb4 Qe8 43. Rc1 Rc7 44. Qc4 Qe4 45. Re3 Qf4 46. Rf3 Qe5 47.
Rb1 Qd6 48. Rb7 Kh8 49. Rxc7 Qxc7 50. Rxf7 Qa5 51. c7 Qe1+ 52. Kh2 Be5+ 53. f4
1-0

[Event "2. liga D 17/18, Snezka Nachod-Velke Losiny"]
[Site ""]
[Date "2017.12.17"]
[Round "5.7"]
[White "Novotny, Jan"]
[Black "Vodak, Rostislav"]
[WhiteElo "1932"]
[BlackElo "2067"]
[Result "1/2-1/2"]
[PlyCount "52"]

1. d4 e6 2. c4 d5 3. Nc3 Nf6 4. Nf3 Nbd7 5. Bg5 c6 6. Qc2 Be7 7. e3 O-O 8. Bd3
dxc4 9. Bxc4 Nd5 10. Bxe7 Qxe7 11. Nxd5 exd5 12. Bd3 Nf6 13. Ne5 Qb4+ 14. Qd2
Qxd2+ 15. Kxd2 Ne4+ 16. Bxe4 dxe4 17. b4 Be6 18. Rhc1 a5 19. bxa5 Rxa5 20. Nc4
Bxc4 21. Rxc4 Rfa8 22. a4 g6 23. Rb1 Rxa4 24. Rxa4 Rxa4 25. Rxb7 Ra2+ 26. Ke1
Ra1+ 1/2-1/2

[Event "2. liga D 17/18, Snezka Nachod-Velke Losiny"]
[Site ""]
[Date "2017.12.17"]
[Round "5.8"]
[White "Dolezel, Jiri"]
[Black "Pinkava, Josef"]
[WhiteElo "1896"]
[BlackElo "1852"]
[Result "1/2-1/2"]
[PlyCount "55"]

1. e4 c5 2. Nf3 d6 3. d4 cxd4 4. Nxd4 Nc6 5. Nc3 Nf6 6. g3 g6 7. Bg2 Bd7 8. O-O
Bg7 9. Nde2 O-O 10. h3 Re8 11. Be3 Ne5 12. b3 Bc6 13. Qd2 Qc8 14. g4 Rf8 15. f4
Ned7 16. Rad1 Nc5 17. Ng3 b6 18. g5 Ne8 19. Nd5 Qb7 20. Bd4 e5 21. Be3 Rd8 22.
f5 f6 23. fxg6 hxg6 24. gxf6 Nxf6 25. Bg5 Bxd5 26. Bxf6 Rxf6 27. Rxf6 Bxf6 28.
Qxd5+ 1/2-1/2

[Event "2. liga D 17/18, Hradec Kralove B-Lipa"]
[Site ""]
[Date "2017.12.17"]
[Round "5.1"]
[White "Nun, Jiri"]
[Black "Jirasek, Pavel"]
[WhiteElo "2300"]
[BlackElo "2293"]
[Result "1/2-1/2"]
[PlyCount "75"]

1. e4 c5 2. Nf3 Nc6 3. Bb5 g6 4. Bxc6 dxc6 5. h3 Bg7 6. O-O Nf6 7. d3 O-O 8.
Nc3 b6 9. Be3 e5 10. a3 Nh5 11. b4 cxb4 12. axb4 Nf4 13. Ra3 f5 14. Qa1 fxe4
15. Nxe4 Ne2+ 16. Kh2 Rxf3 17. gxf3 Qd7 18. Qa2+ Kh8 19. Ng5 h6 20. c3 Nf4 21.
Bxf4 exf4 22. Nf7+ Kh7 23. Re1 Qxh3+ 24. Kg1 Qxf3 25. Qe2 Qd5 26. Ne5 Bb7 27.
c4 Qd6 28. c5 bxc5 29. Nc4 Qd5 30. Qe7 cxb4 31. Qxb7 bxa3 32. Qxa8 Qxd3 33.
Nxa3 Qxa3 34. Qxc6 Qh3 35. Re7 Qg4+ 36. Kf1 f3 37. Qc5 a5 38. Rxg7+ 1/2-1/2